[Event "19eme Open de La Réunion"]
[Site "Salle des fêtes de Bellepierre"]
[Date "2017.10.17"]
[Round "3.11"]
[White "Celestin, Dimitri"]
[Black "Mercadal, Theo"]
[Result "0-1"]
[WhiteElo "1148"]
[BlackElo "1661"]
[PlyCount "126"]
[EventDate "2017.??.??"]

1. e4 e5 2. Nf3 Nc6 3. d4 exd4 4. Nxd4 Bc5 5. Nxc6 bxc6 6. Nc3 d6 7. Bc4 Nf6 8.
Bg5 O-O 9. Qf3 Bd4 10. O-O-O Bg4 11. Qg3 Bxd1 12. Rxd1 Bxc3 13. Qxc3 Nxe4 14.
Bxd8 Nxc3 15. bxc3 Rfxd8 16. Re1 Re8 17. Rf1 Re5 18. f4 Rc5 19. Bb3 Rxc3 20. f5
Re8 21. f6 g6 22. g4 Re2 23. h4 Rg2 24. Re1 Kf8 25. Re7 d5 26. Rxc7 Ke8 27. Ba4
Rxg4 28. Bxc6+ Kd8 29. Rd7+ Kc8 30. Rd6 Kc7 31. Bd7 Rd4 32. Ra6 Kxd7 33. Rxa7+
Rc7 34. Ra5 Kd6 35. Ra6+ Rc6 36. Ra7 Ke6 37. c3 Rxc3+ 38. Kb2 Rf3 39. Ra6+ Kf5
40. Rc6 Rxh4 41. Rc2 Rhf4 42. Kc1 Rf1+ 43. Kb2 R1f2 44. Rxf2 Rxf2+ 45. Kb3 Rxa2
46. Kxa2 d4 47. Kb2 Ke4 48. Kc2 Ke3 49. Kd1 Kd3 50. Ke1 Kc2 51. Ke2 d3+ 52. Ke3
d2 53. Ke4 d1=Q 54. Ke5 Qe2+ 55. Kd6 Qe6+ 56. Kc5 Kc3 57. Kb5 Qc4+ 58. Ka5 Qb3
59. Ka6 Qb4 60. Ka7 Kc4 61. Ka6 Kc5 62. Ka7 Kc6 63. Ka8 Qb7# 0-1

[Event "19eme Open de La Réunion"]
[Site "Salle des fêtes de Bellepierre"]
[Date "2017.10.17"]
[Round "3.12"]
[White "Dace, Jean Emeric"]
[Black "Carballar, Alexandre"]
[Result "1-0"]
[WhiteElo "1649"]
[BlackElo "1138"]
[PlyCount "85"]
[EventDate "2017.??.??"]

1. Nf3 d5 2. b3 e6 3. Bb2 Nf6 4. e3 Be7 5. Be2 O-O 6. c4 c6 7. Qc2 Nbd7 8. d3
a6 9. Nbd2 b5 10. O-O bxc4 11. dxc4 a5 12. Bd3 Nc5 13. Ng5 Nxd3 14. Qxd3 h6 15.
Ngf3 dxc4 16. Qxd8 Rxd8 17. Nxc4 a4 18. Nb6 Ba6 19. Rfd1 a3 20. Nxa8 axb2 21.
Rxd8+ Bxd8 22. Rb1 Bb7 23. Rxb2 Bxa8 24. Rc2 Be7 25. Rc4 c5 26. Ra4 Bxf3 27.
gxf3 Kh7 28. Ra7 Ng8 29. Rd7 Kg6 30. a4 c4 31. bxc4 Bb4 32. Rb7 Ba5 33. c5 Nf6
34. c6 Nd5 35. Rb5 Bc7 36. a5 Kf6 37. a6 Bb6 38. e4 Bxf2+ 39. Kxf2 Nc7 40. a7
Ke7 41. Rb7 Kd6 42. Rxc7 Kxc7 43. a8=Q 1-0

[Event "19eme Open de La Réunion"]
[Site "Salle des fêtes de Bellepierre"]
[Date "2017.10.17"]
[Round "3.13"]
[White "Leonardy, Batiste"]
[Black "Ringayen, Rose-May"]
[Result "0-1"]
[WhiteElo "1116"]
[BlackElo "1622"]
[PlyCount "124"]
[EventDate "2017.??.??"]

1. e4 e5 2. Nf3 Nc6 3. Bc4 Nf6 4. d4 exd4 5. Nxd4 Nxe4 6. Nxc6 dxc6 7. Bxf7+
Ke7 8. Qe2 Kxf7 9. Qxe4 Qe7 10. Qe3 Qxe3+ 11. fxe3 Bd6 12. Nc3 Re8 13. Bd2 Bg4
14. Rf1+ Kg8 15. g3 Rf8 16. Ne4 Rxf1+ 17. Kxf1 Rf8+ 18. Kg1 Be7 19. Rf1 Rxf1+
20. Kxf1 Bf5 21. Nc3 Bxc2 22. Ke2 Bg6 23. e4 Kf7 24. Bf4 Bd6 25. e5 Be7 26. Ke3
Bc5+ 27. Kf3 Bd4 28. h4 Ke6 29. Kg4 h6 30. h5 Bf5+ 31. Kh4 Bxe5 32. Bxe5 Kxe5
33. g4 Be6 34. g5 Kf4 35. Ne2+ Ke3 36. Ng3 Kf4 37. gxh6 gxh6 38. a3 c5 39. Ne2+
Ke5 40. Kg3 a5 41. Nc3 Bd7 42. Kf3 b5 43. Ke3 b4 44. Ne4 bxa3 45. Nxc5 axb2 46.
Nd3+ Kf6 47. Nxb2 Bg4 48. Nc4 a4 49. Kf4 Bxh5 50. Kg3 Be2 51. Ne3 a3 52. Nd5+
Ke5 53. Nc3 Bc4 54. Kh4 a2 55. Nxa2 Bxa2 56. Kh5 c5 57. Kxh6 c4 58. Kg5 c3 59.
Kg4 c2 60. Kf3 c1=Q 61. Kg4 Qf4+ 62. Kh5 Bf7# 0-1

[Event "19eme Open de La Réunion"]
[Site "Salle des fêtes de Bellepierre"]
[Date "2017.10.17"]
[Round "3.14"]
[White "Juillien, Thibault"]
[Black "Arulanantham, Manuelpillai"]
[Result "0-1"]
[WhiteElo "1099"]
[BlackElo "1570"]
[PlyCount "140"]
[EventDate "2017.??.??"]

1. c4 c5 2. g3 d5 3. cxd5 Qxd5 4. Nf3 Nf6 5. Bg2 e6 6. d3 Nc6 7. Nc3 Qd8 8. O-O
Be7 9. Bd2 O-O 10. Re1 a6 11. a3 Rb8 12. Bf4 Bd6 13. Be3 b6 14. d4 cxd4 15.
Nxd4 Nxd4 16. Bxd4 Bb7 17. e4 e5 18. Be3 Bc7 19. Qxd8 Rbxd8 20. Rad1 Rxd1 21.
Rxd1 Rd8 22. Rxd8+ Bxd8 23. Nd5 Nxd5 24. exd5 f6 25. f4 exf4 26. Bxf4 g5 27.
Be3 Kf7 28. Kf2 Ke7 29. Bf1 Kd6 30. h4 h6 31. hxg5 hxg5 32. Kf3 Bxd5+ 33. Kg4
a5 34. b4 axb4 35. axb4 Ke5 36. Kh5 Ke4 37. Bc1 f5 38. Bxg5 Bxg5 39. Kxg5 Ke5
40. g4 f4 41. Kh4 f3 42. Kg3 Ke4 43. Kf2 Kf4 44. Bh3 b5 45. Bf1 Bc4 46. Bh3 Be2
47. Bf1 Bxf1 48. Kxf1 Kxg4 49. Kf2 Kf4 50. Kf1 Ke3 51. Ke1 Kd4 52. Kf2 Ke4 53.
Kf1 Kd4 54. Kf2 Kc3 55. Kxf3 Kxb4 56. Ke2 Kc3 57. Kd1 Kb2 58. Kd2 b4 59. Kd1 b3
60. Kd2 Ka2 61. Kc1 b2+ 62. Kd2 b1=Q 63. Ke3 Qb4 64. Kd3 Kb3 65. Ke3 Kc3 66.
Kf3 Kd3 67. Kf2 Qe4 68. Kg3 Ke2 69. Kh3 Kf2 70. Kh2 Qh4# 0-1

[Event "19eme Open de La Réunion"]
[Site "Salle des fêtes de Bellepierre"]
[Date "2017.10.17"]
[Round "3.15"]
[White "Fondrat, Johan"]
[Black "Pun Chung, Leo"]
[Result "1-0"]
[WhiteElo "1099"]
[BlackElo "1443"]
[PlyCount "95"]
[EventDate "2017.??.??"]

1. e4 e6 2. d4 d5 3. e5 c5 4. c3 Nc6 5. Nf3 Qb6 6. Be3 Qxb2 7. Nbd2 Qxc3 8. Rc1
Qa5 9. dxc5 Nge7 10. Bd3 Bd7 11. O-O Nb4 12. Nb3 Qc7 13. Qd2 Nxd3 14. Qxd3 Ng6
15. Qd4 Be7 16. Bd2 Rc8 17. Ba5 Qb8 18. Rfe1 O-O 19. Bd2 f6 20. Bf4 fxe5 21.
Bxe5 Nxe5 22. Nxe5 Qc7 23. Re3 Bg5 24. Rg3 Bxc1 25. c6 Be8 26. Nd7 Rf7 27. Ne5
Rf5 28. Nd7 Bg5 29. h4 Bf6 30. Nxf6+ Rxf6 31. Qxf6 Qf7 32. Qxf7+ Kxf7 33. cxb7
Rb8 34. Na5 Bb5 35. Rc3 Bd7 36. Rc7 Ke8 37. Nc6 Rxb7 38. Rxb7 Bxc6 39. Rxa7 d4
40. Kf1 Kf8 41. Ke2 Bb5+ 42. Kd2 Bf1 43. g3 Bb5 44. a4 Be8 45. Ra8 Kf7 46. a5
Bb5 47. a6 e5 48. a7 1-0

[Event "19eme Open de La Réunion"]
[Site "Salle des fêtes de Bellepierre"]
[Date "2017.10.17"]
[Round "3.17"]
[White "Fautrel, Sebastien"]
[Black "Laoussing, Mathis"]
[Result "0-1"]
[WhiteElo "1070"]
[BlackElo "1350"]
[PlyCount "46"]
[EventDate "2017.??.??"]

1. e4 d5 2. Nc3 d4 3. Nb5 e5 4. c3 a6 5. Na3 Bxa3 6. bxa3 dxc3 7. d3 Nf6 8. Bg5
h6 9. Bxf6 Qxf6 10. Nf3 Bg4 11. Be2 Nc6 12. O-O Qg6 13. Qc2 Bh3 14. Nh4 Qg5 15.
Bf3 Qxh4 16. gxh3 Nd4 17. Bg2 Nxc2 18. Rac1 Nd4 19. Rxc3 Ne2+ 20. Kh1 Nxc3 21.
Rc1 Qxf2 22. Rxc3 Qe1+ 23. Bf1 Qxf1# 0-1

[Event "19eme Open de La Réunion"]
[Site "Salle des fêtes de Bellepierre"]
[Date "2017.10.17"]
[Round "3.18"]
[White "Padre, Maxime"]
[Black "Sandjivy, Jean Marc"]
[Result "1-0"]
[WhiteElo "1347"]
[BlackElo "1291"]
[PlyCount "139"]
[EventDate "2017.??.??"]

1. Nf3 d5 2. g3 Nc6 3. Bg2 e5 4. d3 f5 5. O-O Nf6 6. Nfd2 e4 7. dxe4 fxe4 8.
Nc3 Be6 9. Nb3 Qc8 10. Re1 Bd6 11. Bg5 O-O 12. Bxf6 Rxf6 13. Nxd5 Rh6 14. Nc3
Bh3 15. Bh1 Bf1 16. Kxf1 Qh3+ 17. Bg2 Qxh2 18. Nxe4 Rf8 19. Bf3 Ne5 20. Bg2 Ng4
21. Qd2 Bxg3 22. f3 Bxe1 23. Qxe1 Ne3+ 24. Kf2 Nxc2 25. Qd1 Nxa1 26. Qxa1 Qh4+
27. Ke3 Qh2 28. Kf2 Rg6 29. Qf1 Re8 30. Nbd2 Qh4+ 31. Kg1 Rf8 32. Qf2 Qh6 33.
Qxa7 Ra6 34. Qxb7 Rxa2 35. Qd5+ Kh8 36. Qxa2 Qb6+ 37. Kf1 Qc6 38. Nc3 Ra8 39.
Qf7 Qd6 40. Qd5 Ra1+ 41. Kf2 Qb6+ 42. e3 Qb8 43. Nde4 Ra6 44. Ng5 h6 45. Nf7+
Kh7 46. Qd3+ Rg6 47. Ne5 Qxb2+ 48. Qe2 Qxc3 49. Nxg6 Kxg6 50. f4 c5 51. Qg4+
Kf6 52. Qh4+ Ke6 53. Bh3+ Kd6 54. Qd8+ Kc6 55. Qd7+ Kb6 56. Qd6+ Kb5 57. Bf1+
Kb4 58. Qb6+ Ka3 59. Qa6+ Kb2 60. Qb5+ Qb4 61. Qxb4+ cxb4 62. Bc4 h5 63. e4 Kc3
64. Bf7 b3 65. Bxb3 Kxb3 66. e5 Kc4 67. e6 Kd5 68. e7 h4 69. e8=Q h3 70. Kg3
1-0

[Event "19eme Open de La Réunion"]
[Site "Salle des fêtes de Bellepierre"]
[Date "2017.10.17"]
[Round "3.19"]
[White "Fautrel, Pierrick"]
[Black "Padre, Bryan"]
[Result "1-0"]
[WhiteElo "1260"]
[BlackElo "1150"]
[PlyCount "47"]
[EventDate "2017.??.??"]

1. e4 e5 2. Nf3 Nc6 3. Nc3 Nf6 4. Bc4 Nd4 5. d3 d6 6. h3 d5 7. Nxd5 b5 8. Bb3
Nxb3 9. axb3 Nxd5 10. exd5 Qxd5 11. Qe2 Bd6 12. Bf4 f6 13. O-O O-O 14. Bg3 Bf5
15. Rfd1 Rae8 16. Rxa7 e4 17. dxe4 Bxe4 18. Rxd5 Bxd5 19. Qxb5 Bxg3 20. Qxd5+
Kh8 21. fxg3 Rd8 22. Qc6 Rd1+ 23. Kh2 Rfd8 24. Qxc7 1-0

[Event "19eme Open de La Réunion"]
[Site "Salle des fêtes de Bellepierre"]
[Date "2017.10.17"]
[Round "3.20"]
[White "Alex-Geerjanan, Nils"]
[Black "Alfonsi, Romain"]
[Result "1/2-1/2"]
[WhiteElo "1140"]
[BlackElo "1250"]
[PlyCount "129"]
[EventDate "2017.??.??"]

1. e4 e5 2. Nf3 Nc6 3. Bc4 Nf6 4. d3 h6 5. O-O Bc5 6. Re1 d6 7. h3 O-O 8. Be3
Bb6 9. Nc3 Be6 10. Bb3 d5 11. d4 exd4 12. Bxd4 Bxd4 13. Nxd4 Nxd4 14. Qxd4 dxe4
15. Qxd8 Raxd8 16. Nxe4 Bxb3 17. axb3 Nxe4 18. Rxe4 a6 19. Rae1 Kh7 20. R1e3
Rd1+ 21. Kh2 Rd2 22. Rg3 g6 23. Rc4 c6 24. Rf3 Kg7 25. Rfc3 Rxf2 26. Rb4 Rb8
27. Rd4 Rf1 28. Rcd3 Rb1 29. Rf3 Rxb2 30. Rd7 Rf8 31. Rxb7 Rxc2 32. Rb6 a5 33.
Ra6 Rc5 34. Rf4 Rc8 35. Ra4 Rb5 36. R4xa5 Rxb3 37. Rc5 h5 38. Raxc6 Rd8 39. Ra6
Rd7 40. Ra4 f6 41. Rac4 Rbb7 42. Rf4 g5 43. Rfc4 h4 44. Rf5 Kg6 45. Rfc5 Rb6
46. Rc6 Rb5 47. Rg4 Rf7 48. Re6 Kh5 49. Re8 Rh7 50. Rf8 f5 51. Rd4 g4 52. hxg4+
fxg4 53. Rg8 Rg5 54. Rxg5+ Kxg5 55. Rd5+ Kf6 56. Rd6+ Kf5 57. Ra6 g3+ 58. Kh3
Kf4 59. Ra4+ Ke3 60. Ra3+ Ke2 61. Ra2+ Kd1 62. Ra1+ Kc2 63. Ra2+ Kb3 64. Re2
Kc3 65. Re3+ 1/2-1/2

[Event "19eme Open de La Réunion"]
[Site "Salle des fêtes de Bellepierre"]
[Date "2017.10.17"]
[Round "3.22"]
[White "Bosi-Lagarde, Arthur"]
[Black "Houwenaghel, Maxime"]
[Result "1-0"]
[WhiteElo "1160"]
[BlackElo "1080"]
[PlyCount "65"]
[EventDate "2017.??.??"]

1. d4 d5 2. Nc3 g6 3. Bf4 a6 4. g3 Bg7 5. Bg2 Nf6 6. e4 e6 7. e5 Nfd7 8. Qd2 c5
9. dxc5 Nxe5 10. O-O-O Nc4 11. Qd3 O-O 12. b3 Na5 13. Qe3 Nd7 14. Bg5 Qc7 15.
Be7 Re8 16. Bd6 Qc6 17. Nxd5 Nxc5 18. Ne7+ Kh8 19. Bxc6 Nxc6 20. Nxc6 bxc6 21.
Qxc5 Bb7 22. Qb6 Bh6+ 23. f4 Red8 24. Be5+ Bg7 25. Bxg7+ Kxg7 26. Rxd8 c5 27.
Qxb7 Rxd8 28. Nf3 Rd6 29. Rd1 Rxd1+ 30. Kxd1 h5 31. Ng5 Kh6 32. Qxf7 h4 33.
Qh7# 1-0

[Event "19eme Open de La Réunion"]
[Site "Salle des fêtes de Bellepierre"]
[Date "2017.10.19"]
[Round "4.1"]
[White "Goorsahye, Antoine"]
[Black "Lorans, Sylvain"]
[Result "1/2-1/2"]
[WhiteElo "1750"]
[BlackElo "2167"]
[PlyCount "140"]
[EventDate "2017.??.??"]

1. Nf3 Nf6 2. c4 e6 3. g3 d5 4. Bg2 Be7 5. O-O O-O 6. b3 c5 7. cxd5 exd5 8. d4
Ne4 9. Bb2 Bf6 10. Nc3 Nc6 11. Nxe4 dxe4 12. Nd2 e3 13. fxe3 cxd4 14. Bxc6 bxc6
15. Ne4 Be7 16. Qxd4 f6 17. Rad1 Qb6 18. Qc4+ Kh8 19. Bd4 Qb5 20. Rc1 Bh3 21.
Rfd1 Ba3 22. Qxb5 cxb5 23. Rc7 Rfd8 24. Nf2 Bf5 25. e4 Bg6 26. e5 fxe5 27. Bxe5
Rxd1+ 28. Nxd1 Bf8 29. Nc3 Re8 30. Bd4 b4 31. Nd1 Rxe2 32. Ne3 Kg8 33. Rc8 Kf7
34. Nc4 Bf5 35. Rc7+ Ke6 36. Rxa7 Kd5 37. Bb6 Bh3 38. Ne3+ Kc6 39. Bd4 Rd2 40.
Ra6+ Kb7 41. Ra7+ Kc6 42. Ra6+ Kb7 43. Ra7+ Kb8 44. Bb6 Bd7 45. Nc4 Rd1+ 46.
Kf2 Rd5 47. Ke3 Be7 48. Na5 Bd8 49. Rb7+ Kc8 50. Bxd8 Kxd8 51. Nc4 Rh5 52. h4
g5 53. Ne5 Be8 54. hxg5 Rxg5 55. Kf4 Rh5 56. Rxb4 Rh2 57. a4 Kc7 58. a5 Ra2 59.
Nc4 Bc6 60. Rb6 Rf2+ 61. Kg4 Bd7+ 62. Kh4 Rh2+ 63. Kg5 Rg2 64. Kh6 Rxg3 65. a6
Rg1 66. a7 Ra1 67. Rf6 Rxa7 68. Ne5 Ra5 69. Nxd7 Kxd7 70. Kxh7 Rb5 1/2-1/2

[Event "19eme Open de La Réunion"]
[Site "Salle des fêtes de Bellepierre"]
[Date "2017.10.19"]
[Round "4.2"]
[White "Testud, Philippe"]
[Black "Andriandaza, Tombo Omar"]
[Result "1-0"]
[WhiteElo "2167"]
[BlackElo "1711"]
[PlyCount "83"]
[EventDate "2017.??.??"]

1. d4 Nf6 2. c4 g6 3. f3 Bg7 4. e4 d6 5. Be3 c5 6. d5 O-O 7. Ne2 b5 8. cxb5 e6
9. Nbc3 exd5 10. Nxd5 Nxe4 11. fxe4 Qh4+ 12. Kd2 Nd7 13. Nec3 Bb7 14. g3 Qd8
15. Kc2 Ne5 16. Be2 Re8 17. Qd2 a6 18. b6 Rc8 19. Rhf1 Nc6 20. Rae1 Nb4+ 21.
Kb1 Nxd5 22. Nxd5 Bxd5 23. Qxd5 Qxb6 24. b3 Qb4 25. Bd2 Qxe4+ 26. Qxe4 Rxe4 27.
Bc4 Rxe1+ 28. Bxe1 Rc7 29. Ba5 Rd7 30. Rd1 Be5 31. Kc2 Kf8 32. a4 Ke7 33. Bb6
f5 34. Bxa6 Kf6 35. a5 h5 36. Bc8 Rh7 37. a6 Rh8 38. Bb7 h4 39. a7 hxg3 40.
hxg3 Bxg3 41. Bc7 Ke7 42. Bb8 1-0

[Event "19eme Open de La Réunion"]
[Site "Salle des fêtes de Bellepierre"]
[Date "2017.10.19"]
[Round "4.3"]
[White "Larmet, Nino"]
[Black "Mezouaghi, Miloud"]
[Result "0-1"]
[WhiteElo "1563"]
[BlackElo "2102"]
[PlyCount "142"]
[EventDate "2017.??.??"]

1. e4 c5 2. Nf3 d6 3. Bb5+ Nd7 4. O-O Ngf6 5. Re1 a6 6. Bd3 e5 7. a4 b6 8. c3
Bb7 9. Na3 Be7 10. b4 O-O 11. b5 a5 12. Nc4 Re8 13. Bc2 Qc7 14. d3 Bf8 15. Bg5
h6 16. Bxf6 Nxf6 17. Bb3 g6 18. Ne3 Rad8 19. c4 h5 20. Nh4 Qe7 21. Qf3 Bc8 22.
Qg3 Kh7 23. f4 exf4 24. Qxf4 Bh6 25. Qg3 Qe5 26. Qxe5 Rxe5 27. Nd5 Nxd5 28.
exd5 Rde8 29. Nf3 R5e7 30. Re2 f5 31. Bc2 Bb7 32. Nd2 Bxd5 33. Ne4 Bxe4 34.
dxe4 fxe4 35. Rf1 Kg7 36. h3 h4 37. Kh2 Re5 38. Kg1 R8e6 39. Rfe1 e3 40. Rf1
Rf6 41. Rxf6 Kxf6 42. Kf1 d5 43. cxd5 Rxd5 44. Bb3 Rd4 45. Ke1 Bf4 46. Kf1 Ke5
47. Bc2 g5 48. Ke1 Rc4 49. Kd1 Rc3 50. Kc1 Kd4 51. Kd1 Ra3 52. Kc1 c4 53. Kb2
Bd6 54. Kc1 Bb4 55. Kb2 Rd3 56. Kc1 Ba3+ 57. Kb1 Rd2 58. Rxd2+ exd2 59. Ka2 Kc3
60. Bd1 Bc1 61. Kb1 Kd3 62. Ka2 c3 63. Kb1 Ba3 64. Bb3 Ke2 65. Bc4+ Ke1 66. Bb3
d1=Q+ 67. Bxd1 Kxd1 68. Ka2 Bf8 69. Kb3 c2 70. Kc4 c1=Q+ 71. Kd5 Qc5+ 0-1

[Event "19eme Open de La Réunion"]
[Site "Salle des fêtes de Bellepierre"]
[Date "2017.10.19"]
[Round "4.4"]
[White "Duprey, Francois-Xavier"]
[Black "Payet, Jean-Claude"]
[Result "0-1"]
[WhiteElo "1614"]
[BlackElo "1837"]
[PlyCount "50"]
[EventDate "2017.??.??"]

1. c4 e5 2. g3 Nc6 3. Bg2 f5 4. Nc3 Nf6 5. d3 Bb4 6. a3 Bxc3+ 7. bxc3 O-O 8.
Nh3 Qe8 9. O-O d6 10. e3 h6 11. f4 e4 12. d4 Kh8 13. a4 Rg8 14. d5 Na5 15. Qe2
b6 16. Rb1 Qxa4 17. Nf2 Qxc4 18. Qc2 Nxd5 19. Nxe4 fxe4 20. Bxe4 Bb7 21. Bd3
Qxc3 22. Qe2 Qc6 23. e4 Nc3 24. Qh5 Qc5+ 25. Rf2 Qxh5 0-1

[Event "19eme Open de La Réunion"]
[Site "Salle des fêtes de Bellepierre"]
[Date "2017.10.19"]
[Round "4.5"]
[White "Desire, Michael"]
[Black "Evrin, Selvam"]
[Result "0-1"]
[WhiteElo "1773"]
[BlackElo "1592"]
[PlyCount "88"]
[EventDate "2017.??.??"]

1. e4 c5 2. b4 cxb4 3. a3 bxa3 4. Bxa3 d6 5. d4 Nf6 6. Bd3 Nc6 7. c3 g6 8. Ne2
Bg7 9. Nd2 O-O 10. f4 Ng4 11. Nf1 d5 12. e5 f6 13. h3 Nh6 14. Ne3 fxe5 15. fxe5
Rf7 16. g4 Rf3 17. Bc1 Na5 18. Ng1 Rf7 19. Rb1 a6 20. Qe2 Be6 21. Nf3 Qc7 22.
Bd2 Rxf3 23. Qxf3 Rf8 24. Qe2 Nc4 25. Nxc4 dxc4 26. Be4 Bc8 27. Bd5+ e6 28.
Qxc4 Qe7 29. Be4 Qh4+ 30. Kd1 b5 31. Qd3 Rd8 32. Bf4 Nf7 33. Qe3 Bxe5 34. Bxe5
Nxe5 35. Bg2 Nc4 36. Qe2 e5 37. d5 Qg3 38. Bf3 Bb7 39. Qd3 Kg7 40. Ke2 Nb6 41.
d6 Rxd6 42. Qe3 Nc4 43. Rbg1 Bxf3+ 44. Qxf3 Rd2+ 0-1

[Event "19eme Open de La Réunion"]
[Site "Salle des fêtes de Bellepierre"]
[Date "2017.10.19"]
[Round "4.6"]
[White "Triton, Maxime"]
[Black "Eric Andriana, Fitia"]
[Result "1-0"]
[WhiteElo "1705"]
[BlackElo "1156"]
[PlyCount "86"]
[EventDate "2017.??.??"]

1. e4 e5 2. Nf3 Nc6 3. Bb5 a6 4. Bxc6 dxc6 5. O-O Bg4 6. d3 Bd6 7. h3 Bh5 8.
Nbd2 Nf6 9. b3 O-O 10. Re1 Re8 11. Bb2 b5 12. Nf1 c5 13. Ng3 c6 14. Nxh5 Nxh5
15. g3 Nf6 16. Qe2 Nd7 17. Kg2 f6 18. h4 Bc7 19. h5 Ba5 20. Rh1 Kf7 21. Nh4 Rg8
22. Nf5 h6 23. Qg4 Nf8 24. Bc1 Ke8 25. Nxh6 gxh6 26. Qxg8 Kd7 27. Bxh6 Ne6 28.
Qxd8+ Rxd8 29. Be3 Rh8 30. Rag1 Bc3 31. f4 Bd4 32. Kf3 Ng7 33. h6 Ne8 34. Bxd4
cxd4 35. fxe5 fxe5 36. g4 Ke7 37. g5 Kf7 38. g6+ Kg8 39. Kg4 Nf6+ 40. Kf5 Nd7
41. Ke6 Nf8+ 42. Kxe5 Nd7+ 43. Ke6 Nf8+ 1-0

[Event "19eme Open de La Réunion"]
[Site "Salle des fêtes de Bellepierre"]
[Date "2017.10.19"]
[Round "4.7"]
[White "Etheve, Lionel"]
[Black "Frelicot, Eric"]
[Result "1/2-1/2"]
[WhiteElo "1576"]
[BlackElo "1680"]
[PlyCount "64"]
[EventDate "2017.??.??"]

1. Nf3 Nf6 2. d4 g6 3. g3 Bg7 4. Bg2 d5 5. O-O O-O 6. c3 Nbd7 7. Nbd2 Rb8 8.
Re1 b6 9. b3 c5 10. Bb2 Bb7 11. e3 e6 12. Rc1 b5 13. c4 bxc4 14. bxc4 dxc4 15.
Nxc4 Bd5 16. Ba3 Bxc4 17. Rxc4 Qa5 18. Ra4 Qc7 19. Bxc5 Nxc5 20. dxc5 Qxc5 21.
Qd4 Qc2 22. Qc4 Qxc4 23. Rxc4 Rfc8 24. Rec1 Rxc4 25. Rxc4 Nd5 26. Ra4 Rb7 27.
Nd2 Rc7 28. Bxd5 exd5 29. Nb3 Kf8 30. e4 dxe4 31. Rxe4 f5 32. Ra4 Ke7 1/2-1/2

[Event "19eme Open de La Réunion"]
[Site "Salle des fêtes de Bellepierre"]
[Date "2017.10.19"]
[Round "4.8"]
[White "Mercadal, Theo"]
[Black "Muller, Sebastien"]
[Result "1-0"]
[WhiteElo "1661"]
[BlackElo "1431"]
[PlyCount "77"]
[EventDate "2017.??.??"]

1. c4 c5 2. Nc3 g6 3. g3 Bg7 4. Bg2 a6 5. e3 d6 6. Nge2 Bg4 7. Bxb7 Ra7 8. Bg2
Qd7 9. O-O h5 10. f3 Bh3 11. Qa4 Qxa4 12. Nxa4 Bxg2 13. Kxg2 h4 14. d4 Nd7 15.
Nac3 f5 16. Rd1 Ngf6 17. Nf4 hxg3 18. hxg3 cxd4 19. exd4 g5 20. Ne6 Bh6 21. Rh1
Rh7 22. Bxg5 Bxg5 23. Nxg5 Rg7 24. Ne6 Rg8 25. Rae1 Rb7 26. b3 f4 27. Nxf4 e5
28. dxe5 dxe5 29. Nd3 Kf8 30. Nxe5 Nc5 31. Rh6 Kg7 32. Rg6+ Kf8 33. Rxf6+ Kg7
34. Rg6+ Kf8 35. Rxg8+ Kxg8 36. Ne4 Ne6 37. Rd1 Rg7 38. Kf2 Rh7 39. Nf6+ 1-0

[Event "19eme Open de La Réunion"]
[Site "Salle des fêtes de Bellepierre"]
[Date "2017.10.19"]
[Round "4.9"]
[White "Arulanantham, Manuelpillai"]
[Black "Dace, Jean Emeric"]
[Result "0-1"]
[WhiteElo "1570"]
[BlackElo "1649"]
[PlyCount "136"]
[EventDate "2017.??.??"]

1. e4 b6 2. d4 e6 3. a3 Bb7 4. d5 exd5 5. exd5 Nf6 6. Bc4 Qe7+ 7. Qe2 Qxe2+ 8.
Nxe2 Nxd5 9. O-O Be7 10. Re1 O-O 11. Nf4 Nxf4 12. Bxf4 Bf6 13. c3 d5 14. Ba2 c5
15. Nd2 Nd7 16. Rad1 Rfe8 17. Nf3 d4 18. Bb3 Bxf3 19. Rxe8+ Rxe8 20. gxf3 Ne5
21. Kg2 dxc3 22. bxc3 Ng6 23. Bg3 Rd8 24. Rxd8+ Bxd8 25. Bd5 Ne7 26. Bb3 Nf5
27. Bc2 Nh4+ 28. Bxh4 Bxh4 29. c4 h6 30. f4 Kf8 31. Kf3 Ke7 32. Ke3 Ke6 33. f3
f5 34. a4 Bf6 35. h3 g5 36. Bd3 Bd4+ 37. Ke2 gxf4 38. Kd2 h5 39. Kc2 Ke5 40.
Kb3 a5 41. Kc2 Kf6 42. Kd1 Kg5 43. Ke1 Be3 44. Kf1 Kf6 45. Ke1 Ke5 46. Kd1 Bg1
47. Kc2 Kd4 48. Kd2 Be3+ 49. Kc2 Bf2 50. Bf1 Ke3 51. Bg2 Be1 52. Kd1 Bb4 53.
Bf1 Kxf3 54. Be2+ Kg3 55. Bxh5 Kxh3 56. Ke2 Kh4 57. Bg6 Kg4 58. Bf7 f3+ 59. Kf2
Bc3 60. Be6 Bd4+ 61. Kf1 Kf4 62. Bd5 f2 63. Be6 Ke5 64. Bd5 f4 65. Bf3 Be3 66.
Bd5 Kd4 67. Bf7 Kc3 68. Be6 Kb4 0-1

[Event "19eme Open de La Réunion"]
[Site "Salle des fêtes de Bellepierre"]
[Date "2017.10.19"]
[Round "4.10"]
[White "Ringayen, Rose-May"]
[Black "Fondrat, Johan"]
[Result "1-0"]
[WhiteElo "1622"]
[BlackElo "1099"]
[PlyCount "33"]
[EventDate "2017.??.??"]

1. e4 e5 2. Nf3 d6 3. Nc3 Nf6 4. d4 Qe7 5. Bg5 Bg4 6. Nd5 Qe6 7. Nxc7+ Ke7 8.
Nxe6 Kxe6 9. Bxf6 gxf6 10. dxe5 fxe5 11. Ng5+ Ke7 12. Qxg4 Rg8 13. Qf5 Rg7 14.
Bc4 Nd7 15. O-O Nf6 16. Nxf7 b5 17. Qe6# 1-0

[Event "19eme Open de La Réunion"]
[Site "Salle des fêtes de Bellepierre"]
[Date "2017.10.19"]
[Round "4.11"]
[White "Laoussing, Mathis"]
[Black "Poignart, Francois-Xavier"]
[Result "1/2-1/2"]
[WhiteElo "1350"]
[BlackElo "1337"]
[PlyCount "112"]
[EventDate "2017.??.??"]

1. e4 c5 2. d3 g6 3. g3 Bg7 4. Bg2 Nc6 5. Nf3 e6 6. Nbd2 b5 7. O-O Nge7 8. Re1
Rb8 9. a3 O-O 10. e5 Nf5 11. Nf1 d6 12. Bf4 Bb7 13. h4 dxe5 14. Nxe5 Nxe5 15.
Bxe5 Bxg2 16. Bxg7 Kxg7 17. Kxg2 Qd5+ 18. Qf3 Qxf3+ 19. Kxf3 Nd4+ 20. Ke4 Nxc2
21. Rac1 Nxe1 22. Rxe1 Rfd8 23. Rc1 Rd4+ 24. Ke3 Rc8 25. Nd2 Rcd8 26. Rc3 c4
27. Nf3 Rxd3+ 28. Rxd3 Rxd3+ 29. Ke2 a6 30. Nd2 f5 31. Kd1 Kf6 32. Kc2 a5 33.
a4 b4 34. Nxc4 Rd5 35. b3 e5 36. Nb6 Rc5+ 37. Kd2 Rc6 38. Nd7+ Ke7 39. Nxe5
Rd6+ 40. Kc2 Ke6 41. Nc4 Kd5 42. Nxd6 Kxd6 43. Kd2 Kc6 44. Ke3 Kd5 45. Kd3 h6
46. f3 Kc5 47. Ke3 g5 48. h5 Kd5 49. Kd3 Kc5 50. Ke3 Kd5 51. Ke2 Kd4 52. Kd2 g4
53. f4 Ke4 54. Ke2 Kd4 55. Kd2 Ke4 56. Ke2 Kd4 1/2-1/2

[Event "19eme Open de La Réunion"]
[Site "Salle des fêtes de Bellepierre"]
[Date "2017.10.19"]
[Round "4.12"]
[White "Calmels, Nicolas"]
[Black "Padre, Maxime"]
[Result "1-0"]
[WhiteElo "1863"]
[BlackElo "1347"]
[PlyCount "87"]
[EventDate "2017.??.??"]

1. d4 Nf6 2. c4 e6 3. Nf3 Be7 4. Nc3 O-O 5. e4 c5 6. e5 Ne8 7. d5 d6 8. Bd3
dxe5 9. Qc2 Nf6 10. Bg5 h6 11. Bh4 Re8 12. O-O-O Qa5 13. d6 Bd8 14. Nxe5 Nbd7
15. f4 Rb8 16. Be1 Nxe5 17. fxe5 Nd7 18. Bh7+ Kh8 19. Qe4 b6 20. Rd3 Bb7 21.
Qe2 Kxh7 22. Kb1 Rc8 23. Nb5 Qa6 24. Ra3 Qxa3 25. Nxa3 Rf8 26. Bc3 a6 27. Rf1
Bg5 28. g3 g6 29. Nc2 h5 30. h4 Bh6 31. g4 hxg4 32. Qxg4 Bc6 33. h5 g5 34. Ne1
Kg7 35. Nf3 Bxf3 36. Qxf3 Rcd8 37. Qe4 Rg8 38. a4 a5 39. Qf3 Rgf8 40. Qe4 Rg8
41. Bd2 Kf8 42. Qh7 Bg7 43. Bc3 Rh8 44. Qg6 1-0

[Event "19eme Open de La Réunion"]
[Site "Salle des fêtes de Bellepierre"]
[Date "2017.10.19"]
[Round "4.13"]
[White "Assie, Joel"]
[Black "Rebut, Paul"]
[Result "0-1"]
[WhiteElo "1398"]
[BlackElo "1261"]
[PlyCount "96"]
[EventDate "2017.??.??"]

1. d4 Nf6 2. Nf3 g6 3. Bf4 d6 4. c4 Bg7 5. Nc3 O-O 6. e3 c5 7. d5 Bf5 8. Bd3
Qd7 9. h3 Bxd3 10. Qxd3 Na6 11. a3 Nc7 12. O-O a6 13. Rab1 b5 14. b3 Rfb8 15.
Rfd1 Nh5 16. Bh2 Bxc3 17. Qxc3 b4 18. Qa1 a5 19. a4 Nf6 20. Nd2 Qf5 21. Re1 Ne4
22. Nxe4 Qxe4 23. f3 Qh4 24. Rb2 Qf6 25. Qb1 Re8 26. Rf2 Rad8 27. Kh1 e6 28. e4
exd5 29. exd5 Rxe1+ 30. Qxe1 Re8 31. Re2 Rxe2 32. Qxe2 Qa1+ 33. Bg1 Kf8 34. Kh2
Qc3 35. Qd1 Ke7 36. Bf2 Ne8 37. f4 Ng7 38. Qe2+ Kd7 39. Qd1 Nf5 40. g4 Nd4 41.
g5 Qxb3 42. Qg4+ Nf5 43. h4 Qxc4 44. h5 b3 45. hxg6 hxg6 46. Qh3 Qxf4+ 47. Kg1
Qxg5+ 48. Kf1 b2 0-1

[Event "19eme Open de La Réunion"]
[Site "Salle des fêtes de Bellepierre"]
[Date "2017.10.19"]
[Round "4.14"]
[White "Bah, Ismael"]
[Black "Leonardy, Batiste"]
[Result "1-0"]
[WhiteElo "1712"]
[BlackElo "1116"]
[PlyCount "53"]
[EventDate "2017.??.??"]

1. b4 e5 2. a3 d5 3. Bb2 Bd6 4. Nf3 Nc6 5. e3 Nf6 6. c4 e4 7. Nd4 Be5 8. cxd5
Nxd5 9. Qb3 Nce7 10. Nc6 bxc6 11. Bxe5 Be6 12. Qc2 Qd7 13. Nc3 Nxc3 14. Qxc3
Nd5 15. Qc2 f6 16. Bd4 Ne7 17. Rc1 O-O 18. Be2 Rab8 19. Ba6 Bd5 20. f3 Qe6 21.
fxe4 Bxe4 22. d3 Bd5 23. e4 Bb3 24. Qb2 Ba4 25. Bc5 Rfd8 26. Qc3 Bb5 27. Qc2 {
Impossible de retranscrire la partie} 1-0